The general provident fund ( superior civil services) rules (Record no. 429099)

000 -LEADER
fixed length control field 00355cam a22001097a 4500
008 - FIXED-LENGTH DATA ELEMENTS--GENERAL INFORMATION
fixed length control field 180718b1936 xxu||||| |||| 00| 0 eng d
082 ## - DEWEY DECIMAL CLASSIFICATION NUMBER
Classification number K85x54 In2g
245 ## - TITLE STATEMENT
Title The general provident fund ( superior civil services) rules
Statement of responsibility, etc. by Finance Department, India
260 ## - PUBLICATION, DISTRIBUTION, ETC.
Place of publication, distribution, etc. Delhi
Name of publisher, distributor, etc. Finance Department
Date of publication, distribution, etc. 1936
300 ## - PHYSICAL DESCRIPTION
Extent 31+p.
700 ## - ADDED ENTRY--PERSONAL NAME
Personal name India. Finance Department
Holdings
Withdrawn status Lost status Damaged status Not for loan Permanent Location Current Location Date acquired Full call number Barcode Date last seen Price effective from Koha item type
        Indian Institute of Public Administration Indian Institute of Public Administration 2009-12-21 K85x54 In2g 24346 2018-07-21 2018-07-21 Book

Powered by Koha